Sentino - Zabójstwo Liryczne 5 - Statystyki

Ogólne statystyki
  • Ten quiz został rozwiązany 39 razy
  • Średni wynik to 11 z 14
Statystyki odpowiedzi
Zabójstwo Liryczne 5 % Poprawnych
OSTATNI RAZ
96%
NO I CO
93%
PAŁAC
86%
FRISBEE
82%
MOVE
82%
TACH TACH
82%
LEGACY
79%
PRESIDENT
79%
WAWA022
79%
PENTHOUSE 2
75%
POTWORY
75%
KURWY CHCĄ SENTO
71%
KRAINA CZARÓW 2
68%
FANTASTYCZNY
57%
Nie znaleziono quizów pasujących do podanych kryteriów
Rozkład punktacji
Procent ludzi z każdym wynikiem
Percentyl według liczby udzielonych odpowiedzi
Twoja historia wyników
Nie rozwiązałeś tego quizu